| 000 | 01027nam a2200301Ia 4500 | ||
|---|---|---|---|
| 005 | 20220317001727.0 | ||
| 008 | 170328s1998 ag g 000 0 spa | ||
| 020 | _a950030483X | ||
| 041 | _aspa | ||
| 100 | 1 |
_aSvevo, Italo _d1861-1928 |
|
| 245 | 1 | 3 |
_aLa historia del buen viejo y la hermosa muchacha _cItalo Svevo ; selección, traducción e introducción Roberto Raschella |
| 250 | _a1a. edición | ||
| 300 |
_a295 páginas _c18 cm |
||
| 490 | _aBiblioteca clásica y contemporánea | ||
| 500 | _aIncluye datos biográficos del autor | ||
| 650 | 1 | 4 |
_2LEMB _aCuentos italianos _ySiglo XX |
| 650 | 1 | 4 |
_2LEMB _aLiteratura Italiana _ySiglo XX |
| 650 | 1 | 4 |
_2LEMB _aMuerte en la literatura |
| 650 | 1 | 4 |
_2LEMB _aVejez en la literatura |
| 700 | 1 |
_aRaschella, Roberto _989728 |
|
| 942 |
_2loc _cBKLIT |
||
| 264 |
_aBuenos Aires _bLosada _c1998 |
||
| 336 |
_atexto _btxt _2rdacontent |
||
| 337 |
_asin mediación _bn _2rdamedia |
||
| 338 |
_avolumen _bnc _2rdacarrier |
||
| 040 |
_aCO-BoRNBP _bspa _erda _cCO-BoRNBP |
||
| 084 | _aC SVE1 | ||
| 999 |
_c7874 _d7874 |
||